Normal view
MARC view
- Customs Administration
Entry Topical Term
001 - CONTROL NUMBER
- control field: 4230
003 - CONTROL NUMBER IDENTIFIER
- control field: OSt
005 - DATE AND TIME OF LATEST TRANSACTION
- control field: 20170515101333.0
008 - FIXED-LENGTH DATA ELEMENTS
- fixed length control field: 170515|| aca||aabn | a|a d
040 ## - CATALOGING SOURCE
- Original cataloging agency: OSt
- Transcribing agency: OSt
150 ## - HEADING--TOPICAL TERM
- Topical term or geographic name entry element: Customs Administration
- General subdivision: Law and legislation
- Geographic subdivision: Malaysia
670 ## - SOURCE DATA FOUND
- Source citation: Work cat.: (OSt): Malaysia Biro Pendidikan, Kesatuan Pegawai-Pegawai Kastam, (Semenanjung Malaysia) Caw. Johor. 4229, Perintah Tetap Kastam /, [?].

PORTAL AKMAL
E-MEL JKDM
AKMAL2U
G-BAM
u-PUSTAKA